[Event "Karlsruhe Grenke op"]
[Site "Karlsruhe"]
[Date "2025.04.18"]
[Round "2"]
[White "Meier, Georg"]
[Black "Litzka, Richard"]
[Result "1/2-1/2"]
[WhiteElo "2595"]
[BlackElo "2238"]
[PlyCount "72"]
[EventDate "2025.04.17"]
[EventType "swiss"]
[EventRounds "9"]
[EventCountry "GER"]
[SourceTitle "CB17_2025"]
[SourceDate "2025.04.23"]
[SourceVersion "1"]
[SourceVersionDate "2025.04.23"]
[SourceQuality "1"]

1. Nf3 d6 2. d4 Nf6 3. c4 g6 4. Nc3 Bg7 5. g3 Bf5 6. Bg2 Ne4 7. Nb1 Nf6 8. b3 Qc8 9. h3 c5 10. Bb2 0-0 11. g4 Bxb1 12. Rxb1 cxd4 13. Nxd4 Nc6 14. Nc2 a5 15. Ne3 a4 16. b4 a3 17. Ba1 h5 18. Bxf6 Bxf6 19. gxh5 Nxb4 20. Qd2 Nc6 21. Rg1 Ne5 22. hxg6 fxg6 23. Bxb7 Rb8 24. Bd5+ Kh7 25. Rxb8 Qxb8 26. Nd1 Qb1 27. Kf1 Qf5 28. Ne3 Qf4 29. Qc2 Bh4 30. Bf3 Qh2 31. Nd1 Rxf3 32. exf3 Qxh3+ 33. Rg2 Qh1+ 34. Rg1 Qh3+ 35. Rg2 Qh1+ 36. Rg1 Qh3+ 1/2-1/2

[Event "Mittelfranken Landesliga Sued 2223"]
[Site "Mittelfranken"]
[Date "2022.12.11"]
[Round "4.1"]
[White "Zehnter, Sebastian"]
[Black "Litzka, Richard"]
[Result "1-0"]
[WhiteElo "2253"]
[BlackElo "2195"]
[PlyCount "161"]
[EventDate "2022.10.09"]
[EventType "team-tourn"]
[EventRounds "9"]
[EventCountry "GER"]
[SourceTitle "EXT 2024"]
[Source "ChessBase"]
[SourceDate "2023.10.10"]
[SourceVersion "1"]
[SourceVersionDate "2023.10.10"]
[SourceQuality "1"]
[WhiteTeam "Kriegshaber"]
[BlackTeam "Starnberg"]
[WhiteTeamCountry "GER"]
[BlackTeamCountry "GER"]

1. e4 d5 2. exd5 Qxd5 3. Nc3 Qd8 4. d4 Nf6 5. Bf4 Bf5 6. Nf3 e6 7. a3 Bd6 8. Ne5 c6 9. Be2 Qc7 10. g4 Bg6 11. h4 Nbd7 12. Nxd7 Qxd7 13. Bxd6 Qxd6 14. h5 Be4 15. Nxe4 Nxe4 16. Qd3 Nf6 17. 0-0-0 Qf4+ 18. Qe3 Nd5 19. Qxf4 Nxf4 20. Bf3 0-0-0 21. h6 g5 22. c3 Rd7 23. Kc2 Kd8 24. b4 Kc7 25. a4 Rhd8 26. Be4 Nd5 27. Bxd5 cxd5 28. f4 gxf4 29. Rdf1 Rg8 30. Rxf4 Kd8 31. Rh5 Ke7 32. Kb3 Rc7 33. b5 Rg6 34. Rh3 Rc4 35. Rhf3 f6 36. a5 Rc8 37. Rh3 Rcg8 38. Rh4 Rg5 39. Kb4 Rc8 40. Rh3 Rc4+ 41. Kb3 e5 42. Rf1 exd4 43. cxd4 Rxg4 44. Re3+ Kf7 45. Rfe1 Rc7 46. b6 axb6 47. axb6 Rd7 48. Rc1 Re4 49. Rg3 Ree7 50. Kb4 f5 51. Rf1 Kf6 52. Rgf3 Re6 53. Rxf5+ Kg6 54. Ka5 Rdd6 55. Rf8 Kxh6 56. Rg8 Rg6 57. Rh1+ Kg5 58. Rb8 Rd7 59. Rc8 h5 60. Rh8 Kf6 61. R8xh5 Ke6 62. Rh6 Rdg7 63. Rxg6+ Rxg6 64. Kb5 Kd6 65. Rh7 Rg1 66. Rh6+ Kd7 67. Kc5 Rg5 68. Rh7+ Kc8 69. Rh8+ Kd7 70. Rb8 Rg1 71. Rxb7+ Ke6 72. Rh7 Rc1+ 73. Kb5 Rb1+ 74. Kc6 Rc1+ 75. Kb7 Rc4 76. Rh4 Kd7 77. Ka6 Ra4+ 78. Kb5 Rc4 79. Rh8 Rc1 80. b7 Rb1+ 81. Kc5 1-0

[Event "Mittelfranken Landesliga Sued 2223"]
[Site "Mittelfranken"]
[Date "2022.10.23"]
[Round "2.1"]
[White "Sailer, Wolfgang"]
[Black "Litzka, Richard"]
[Result "1/2-1/2"]
[WhiteElo "2149"]
[BlackElo "2195"]
[PlyCount "90"]
[EventDate "2022.10.09"]
[EventType "team-tourn"]
[EventRounds "9"]
[EventCountry "GER"]
[SourceTitle "EXT 2024"]
[Source "ChessBase"]
[SourceDate "2023.10.10"]
[SourceVersion "1"]
[SourceVersionDate "2023.10.10"]
[SourceQuality "1"]
[WhiteTeam "Neuburg"]
[BlackTeam "Starnberg"]
[WhiteTeamCountry "GER"]
[BlackTeamCountry "GER"]

1. e4 c6 2. d4 d5 3. exd5 cxd5 4. c4 Nf6 5. Nc3 Nc6 6. Bg5 dxc4 7. Bxc4 h6 8. Bh4 Qxd4 9. Qxd4 Nxd4 10. 0-0-0 g5 11. Rxd4 gxh4 12. Nb5 e5 13. Nc7+ Ke7 14. Rxh4 Rb8 15. Nf3 e4 16. Nd5+ Nxd5 17. Rxe4+ Kf6 18. Bxd5 Bf5 19. Rc4 Bd6 20. Rd1 Rbc8 21. Kd2 Rhe8 22. Nd4 Re5 23. Nxf5 Rxd5+ 24. Ke2 Re5+ 25. Kd3 Rxc4 26. Kxc4 Kxf5 27. Rxd6 Re2 28. Rd7 Rxb2 29. Rxf7+ Kg6 30. Rd7 Rxf2 31. Rxb7 Rxa2 32. g3 h5 33. Kd3 Rxh2 34. Rxa7 Rg2 35. Ke4 Rxg3 36. Kf4 Rg4+ 37. Kf3 Rg1 38. Kf2 Rg4 39. Kf3 Kg5 40. Rg7+ Kh4 41. Rxg4+ hxg4+ 42. Kg2 g3 43. Kg1 Kh3 44. Kh1 g2+ 45. Kg1 Kg3 1/2-1/2

[Event "Mittelfrank Regionalliga Sud-Ost 2122"]
[Site "Mittelfranken"]
[Date "2022.05.29"]
[Round "9.3"]
[White "Litzka, Richard"]
[Black "Stoettner, Lukas"]
[Result "1-0"]
[WhiteElo "2160"]
[BlackElo "2001"]
[PlyCount "65"]
[EventDate "2021.10.24"]
[EventType "team-tourn"]
[EventRounds "9"]
[EventCountry "GER"]
[SourceTitle "EXT 2024"]
[Source "ChessBase"]
[SourceDate "2023.10.10"]
[SourceVersion "1"]
[SourceVersionDate "2023.10.10"]
[SourceQuality "1"]
[WhiteTeam "Starnberg"]
[BlackTeam "Landau Dingolfing"]
[WhiteTeamCountry "GER"]
[BlackTeamCountry "GER"]

1. e4 c5 2. Nf3 Nc6 3. Bb5 e6 4. 0-0 Nge7 5. Re1 a6 6. Bf1 d5 7. exd5 Nxd5 8. d4 Nf6 9. Be3 Be7 10. dxc5 Qxd1 11. Rxd1 Ng4 12. Bf4 Bxc5 13. Bg3 Nh6 14. Nc3 Nf5 15. Bc7 b5 16. Ne4 Ra7 17. Bf4 Bb6 18. g4 Nfd4 19. Nxd4 Nxd4 20. Nd6+ Ke7 21. Nxc8+ Rxc8 22. c3 e5 23. Bg3 Nc6 24. a4 bxa4 25. Rxa4 a5 26. Kg2 f6 27. Bb5 Rd8 28. Rxd8 Nxd8 29. f4 Nf7 30. fxe5 Nxe5 31. g5 Rb7 32. Rh4 fxg5 33. Re4 1-0

[Event "Mittelfrank Regionalliga Sud-Ost 2122"]
[Site "Mittelfranken"]
[Date "2022.04.03"]
[Round "7.3"]
[White "Litzka, Richard"]
[Black "Seisenberger, Georg"]
[Result "1-0"]
[WhiteElo "2160"]
[BlackElo "1984"]
[PlyCount "81"]
[EventDate "2021.10.24"]
[EventType "team-tourn"]
[EventRounds "9"]
[EventCountry "GER"]
[SourceTitle "EXT 2024"]
[Source "ChessBase"]
[SourceDate "2023.10.10"]
[SourceVersion "1"]
[SourceVersionDate "2023.10.10"]
[SourceQuality "1"]
[WhiteTeam "Starnberg"]
[BlackTeam "Ilmmuenster"]
[WhiteTeamCountry "GER"]
[BlackTeamCountry "GER"]

1. e4 e6 2. d4 d5 3. exd5 exd5 4. Nf3 Nf6 5. Bd3 Bd6 6. Qe2+ Be7 7. 0-0 0-0 8. Re1 Nc6 9. c3 Bg4 10. Bg5 h6 11. Bh4 Re8 12. h3 Bh5 13. Bxf6 Bxf6 14. Qxe8+ Qxe8 15. Rxe8+ Rxe8 16. g4 Bg6 17. Bxg6 fxg6 18. Nbd2 Kf7 19. Kf1 Nd8 20. Re1 Rxe1+ 21. Nxe1 Ne6 22. Nb3 Bg5 23. Nd3 Bf4 24. Nbc5 Nxc5 25. Nxf4 Na4 26. Nxd5 c6 27. b3 Nb2 28. Ne3 Nd3 29. Ng2 Nc1 30. Ke1 Nxa2 31. Kd2 Ke6 32. Nf4+ Kd6 33. Kc2 g5 34. Ng2 Kd5 35. f3 a5 36. Kb2 Nb4 37. cxb4 axb4 38. Kc2 b6 39. Kd2 c5 40. dxc5 bxc5 41. Kd3 1-0

[Event "Mittelfrank Regionalliga Sud-Ost 2122"]
[Site "Mittelfranken"]
[Date "2022.03.20"]
[Round "4.3"]
[White "Holgert, Michael"]
[Black "Litzka, Richard"]
[Result "0-1"]
[WhiteElo "2034"]
[BlackElo "2160"]
[PlyCount "104"]
[EventDate "2021.10.24"]
[EventType "team-tourn"]
[EventRounds "9"]
[EventCountry "GER"]
[SourceTitle "EXT 2024"]
[Source "ChessBase"]
[SourceDate "2023.10.10"]
[SourceVersion "1"]
[SourceVersionDate "2023.10.10"]
[SourceQuality "1"]
[WhiteTeam "Ingolstadt"]
[BlackTeam "Starnberg"]
[WhiteTeamCountry "GER"]
[BlackTeamCountry "GER"]

1. Nf3 d5 2. e3 Nf6 3. c4 e6 4. d4 Be7 5. a3 dxc4 6. Bxc4 b6 7. Ne5 Bb7 8. Qa4+ c6 9. Be2 Nbd7 10. Nxd7 Qxd7 11. Bf3 0-0 12. 0-0 Rfd8 13. Nd2 c5 14. Qxd7 Rxd7 15. Bxb7 Rxb7 16. Nf3 Ne4 17. Ne5 Bf6 18. Ng4 cxd4 19. f3 Nc5 20. Nxf6+ gxf6 21. exd4 Nb3 22. Rb1 Nxd4 23. Be3 Nf5 24. Bf2 Rd8 25. Rfd1 Rbd7 26. Rxd7 Rxd7 27. g4 Ne7 28. Rc1 Kg7 29. Kg2 Kg6 30. Kg3 f5 31. a4 fxg4 32. fxg4 Rd3+ 33. Kg2 Nd5 34. a5 Nf4+ 35. Kf1 bxa5 36. Bxa7 Rf3+ 37. Kg1 Rb3 38. Rc5 Rxb2 39. Rxa5 Rg2+ 40. Kf1 Rxg4 41. Bb8 Nd5 42. Kf2 h5 43. Ra3 f6 44. Rg3 e5 45. Rxg4+ hxg4 46. Kg3 Kg5 47. h3 gxh3 48. Kxh3 Kf4 49. Kg2 Ke3 50. Ba7+ Ke2 51. Kg3 f5 52. Bb8 f4+ 0-1

[Event "Mittelfrank Regionalliga Sud-Ost 2122"]
[Site "Mittelfranken"]
[Date "2021.11.14"]
[Round "2.2"]
[White "Wurzel, Andre"]
[Black "Litzka, Richard"]
[Result "0-1"]
[WhiteElo "2125"]
[BlackElo "2160"]
[PlyCount "120"]
[EventDate "2021.10.24"]
[EventType "team-tourn"]
[EventRounds "9"]
[EventCountry "GER"]
[SourceTitle "EXT 2024"]
[Source "ChessBase"]
[SourceDate "2023.10.10"]
[SourceVersion "1"]
[SourceVersionDate "2023.10.10"]
[SourceQuality "1"]
[WhiteTeam "Neuburg"]
[BlackTeam "Starnberg"]
[WhiteTeamCountry "GER"]
[BlackTeamCountry "GER"]

1. d4 f5 2. Bg5 h6 3. Bh4 g5 4. e3 Nf6 5. Bg3 d6 6. Nc3 Bg7 7. h4 g4 8. Bc4 Nh5 9. Nge2 Nc6 10. a3 e6 11. d5 Ne5 12. Bb3 exd5 13. Nxd5 Ng6 14. Ndc3 Qe7 15. Qd3 Ne5 16. Bxe5 Bxe5 17. Nd4 c6 18. 0-0-0 Rf8 19. f4 gxf3 20. gxf3 Bd7 21. f4 Bh8 22. Nde2 0-0-0 23. Qxd6 Qxe3+ 24. Kb1 Bf6 25. Rd3 Qe7 26. Rhd1 Qxd6 27. Rxd6 Kc7 28. R6d2 Bc8 29. Rxd8 Rxd8 30. Rg1 Rd6 31. Bf7 Ng7 32. Kc1 Be6 33. Bg6 Bc4 34. Rg2 Kd8 35. Bh7 Ke7 36. Ng3 Be6 37. Nd1 Kf7 38. Ne3 Bxh4 39. Ngxf5 Nxf5 40. Nxf5 Bxf5 41. Bxf5 Rd4 42. Bc8 b6 43. f5 Bg5+ 44. Kb1 Rd8 45. Be6+ Kf6 46. b4 h5 47. Kb2 h4 48. Rh2 Rd4 49. Kc3 c5 50. bxc5 bxc5 51. Rh3 Ke5 52. Rd3 Bc1 53. a4 Rxa4 54. Rd5+ Kf6 55. Rxc5 h3 56. Rc7 Bf4 57. Rh7 h2 58. Kb2 Rb4+ 59. Kc3 a5 60. Bd5 Be5+ 0-1

[Event "Mittelfrank Regionalliga Sud-Ost 2122"]
[Site "Mittelfranken"]
[Date "2021.10.24"]
[Round "1.3"]
[White "Hittinger, Christian"]
[Black "Litzka, Richard"]
[Result "1/2-1/2"]
[WhiteElo "1989"]
[BlackElo "2160"]
[PlyCount "69"]
[EventDate "2021.10.24"]
[EventType "team-tourn"]
[EventRounds "9"]
[EventCountry "GER"]
[SourceTitle "EXT 2024"]
[Source "ChessBase"]
[SourceDate "2023.10.10"]
[SourceVersion "1"]
[SourceVersionDate "2023.10.10"]
[SourceQuality "1"]
[WhiteTeam "Ortenburg"]
[BlackTeam "Starnberg"]
[WhiteTeamCountry "GER"]
[BlackTeamCountry "GER"]

1. e4 c6 2. d4 d5 3. exd5 cxd5 4. Bd3 Nf6 5. Bf4 Bg4 6. Ne2 Nc6 7. c3 g6 8. Qb3 Qd7 9. 0-0 Bg7 10. h3 Bf5 11. Bxf5 gxf5 12. Nd2 0-0 13. Rae1 Rac8 14. Ng3 e6 15. Qd1 Kh8 16. Nf3 Rg8 17. Ne5 Nxe5 18. dxe5 Ne8 19. Nh5 Bf8 20. Re3 Be7 21. Rfe1 b5 22. a3 Rc4 23. Kh2 Ng7 24. g3 Nxh5 25. Qxh5 Rg6 26. Rd3 Qb7 27. Qf3 a5 28. Red1 Qb6 29. Be3 Qc7 30. Bd4 b4 31. axb4 axb4 32. Ra1 bxc3 33. Rxc3 Rxc3 34. Qxc3 Qxc3 35. bxc3 1/2-1/2

[Event "Oberbayern Bezirksliga 1718"]
[Site "Germany"]
[Date "2018.02.04"]
[Round "6.4"]
[White "Litzka, Richard"]
[Black "Kretschel, Klaus"]
[Result "0-1"]
[WhiteElo "2021"]
[BlackElo "2051"]
[PlyCount "64"]
[EventDate "2017.10.22"]
[EventType "team-tourn"]
[EventRounds "9"]
[EventCountry "GER"]
[SourceTitle "EXT 2019"]
[Source "ChessBase"]
[SourceDate "2018.10.10"]
[SourceVersion "1"]
[SourceVersionDate "2018.10.10"]
[SourceQuality "1"]
[WhiteTeam "Starnberg"]
[BlackTeam "Fuerstenfeldbruck"]
[WhiteTeamCountry "GER"]
[BlackTeamCountry "GER"]

1. Nf3 Nf6 2. c4 c5 3. d4 cxd4 4. Nxd4 Nc6 5. g3 d6 6. Bg2 Bd7 7. 0-0 g6 8. b3 Bg7 9. Bb2 0-0 10. Nc3 Rc8 11. Qd2 a6 12. e4 Nxd4 13. Qxd4 Ne8 14. Qd2 Nc7 15. Rfd1 Ne6 16. Nd5 Bxb2 17. Qxb2 f6 18. h4 Nc5 19. Qd2 Bc6 20. b4 Na4 21. Nf4 Qe8 22. Ne6 Rf7 23. Qd4 b5 24. c5 Bd7 25. Bh3 Rc6 26. f4 Qc8 27. f5 Bxe6 28. fxe6 Rf8 29. cxd6 Rxd6 30. Qa7 Qc3 31. Qf2 Rfd8 32. Rxd6 Qxa1+ 0-1

[Event "Oberbayern Bezirksliga 1718"]
[Site "Germany"]
[Date "2017.11.12"]
[Round "2.3"]
[White "Litzka, Richard"]
[Black "Nikutowski, Oliver"]
[Result "1-0"]
[WhiteElo "2021"]
[BlackElo "1942"]
[PlyCount "31"]
[EventDate "2017.10.22"]
[EventType "team-tourn"]
[EventRounds "9"]
[EventCountry "GER"]
[SourceTitle "EXT 2019"]
[Source "ChessBase"]
[SourceDate "2018.10.10"]
[SourceVersion "1"]
[SourceVersionDate "2018.10.10"]
[SourceQuality "1"]
[WhiteTeam "Starnberg"]
[BlackTeam "Gauting"]
[WhiteTeamCountry "GER"]
[BlackTeamCountry "GER"]

1. Nf3 d5 2. d4 c5 3. c4 dxc4 4. Qa4+ Bd7 5. Qxc4 cxd4 6. Qxd4 Nc6 7. Qd1 e5 8. e4 Bb4+ 9. Bd2 Bxd2+ 10. Qxd2 Nge7 11. Nc3 Qa5 12. Bc4 Rd8 13. Qg5 0-0 14. 0-0 h6 15. Qh5 Ng6 16. Qxg6 1-0

[Event "Oberbayern Bezirksliga 1617"]
[Site "Germany"]
[Date "2017.04.30"]
[Round "9.2"]
[White "Goderbauer, Benedikt"]
[Black "Litzka, Richard"]
[Result "1-0"]
[WhiteElo "1953"]
[BlackElo "1994"]
[PlyCount "73"]
[EventDate "2016.10.16"]
[EventType "team-tourn"]
[EventRounds "9"]
[EventCountry "GER"]
[SourceTitle "EXT 2019"]
[Source "ChessBase"]
[SourceDate "2018.10.10"]
[SourceVersion "1"]
[SourceVersionDate "2018.10.10"]
[SourceQuality "1"]
[WhiteTeam "Moosburg SC"]
[BlackTeam "Starnberg"]
[WhiteTeamCountry "GER"]
[BlackTeamCountry "GER"]

1. d4 c5 2. d5 Nf6 3. c4 e6 4. Nc3 exd5 5. cxd5 d6 6. e4 g6 7. f4 Bg7 8. Bb5+ Nfd7 9. Be2 a6 10. a4 0-0 11. Nf3 Re8 12. 0-0 Qc7 13. Kh1 b6 14. Bc4 Qd8 15. Qb3 f6 16. Bd2 Kh8 17. Rae1 Ra7 18. Re2 Nf8 19. e5 Bg4 20. e6 f5 21. Nd1 Rb7 22. Bc3 Qe7 23. Ne3 Bxf3 24. Rxf3 Rc8 25. h3 Bxc3 26. bxc3 Qe8 27. Rb2 h6 28. Bd3 Nh7 29. c4 Nf6 30. Qc3 Qe7 31. Bxf5 gxf5 32. Nxf5 Qf8 33. Nxd6 Qxd6 34. Qxf6+ Kh7 35. Rg3 Qf8 36. Qg6+ Kh8 37. f5 1-0

[Event "Oberbayern Bezirksliga 1617"]
[Site "Germany"]
[Date "2017.03.19"]
[Round "7.2"]
[White "Besner, Bernhard"]
[Black "Litzka, Richard"]
[Result "1-0"]
[WhiteElo "2124"]
[BlackElo "1994"]
[PlyCount "107"]
[EventDate "2016.10.16"]
[EventType "team-tourn"]
[EventRounds "9"]
[EventCountry "GER"]
[SourceTitle "EXT 2019"]
[Source "ChessBase"]
[SourceDate "2018.10.10"]
[SourceVersion "1"]
[SourceVersionDate "2018.10.10"]
[SourceQuality "1"]
[WhiteTeam "Freilassing"]
[BlackTeam "Starnberg"]
[WhiteTeamCountry "GER"]
[BlackTeamCountry "GER"]

1. e4 c5 2. c3 Nf6 3. e5 Nd5 4. d4 cxd4 5. Nf3 e6 6. cxd4 d6 7. Nc3 Nxc3 8. bxc3 Qc7 9. Bd2 Nd7 10. exd6 Bxd6 11. Bd3 Nf6 12. 0-0 0-0 13. Re1 Bf4 14. Ne5 Bxd2 15. Qxd2 b6 16. Re3 Bb7 17. Rae1 Nd7 18. Rh3 f5 19. Nf3 Bxf3 20. Rxf3 Rae8 21. h3 Kh8 22. Rfe3 e5 23. Bb5 f4 24. Re4 Rd8 25. Bxd7 Qxd7 26. Rxe5 f3 27. Re7 Qf5 28. g4 Qg6 29. R7e6 Qf7 30. Qg5 h6 31. Qe5 Kh7 32. Re7 Qg6 33. Qe4 Qxe4 34. R1xe4 Rc8 35. Re3 Rc4 36. Rxa7 Rfc8 37. Ra3 b5 38. Rxf3 b4 39. cxb4 Rxb4 40. Ra7 Rxd4 41. Rff7 Rg8 42. Kg2 Kg6 43. Rfb7 Kf6 44. Kg3 Rd2 45. a4 Ra2 46. Rb6+ Ke5 47. Rf7 Rxa4 48. Rg6 Ra3+ 49. f3 h5 50. Rf5+ Kd4 51. gxh5 Ra7 52. h6 Re7 53. Rfg5 gxh6 54. Rg4+ 1-0

[Event "Oberbayern Bezirksliga 1617"]
[Site "Germany"]
[Date "2017.02.05"]
[Round "5.2"]
[White "Litzka, Richard"]
[Black "Glawe, Ralf"]
[Result "1-0"]
[WhiteElo "1994"]
[BlackElo "2046"]
[PlyCount "107"]
[EventDate "2016.10.16"]
[EventType "team-tourn"]
[EventRounds "9"]
[EventCountry "GER"]
[SourceTitle "EXT 2019"]
[Source "ChessBase"]
[SourceDate "2018.10.10"]
[SourceVersion "1"]
[SourceVersionDate "2018.10.10"]
[SourceQuality "1"]
[WhiteTeam "Starnberg"]
[BlackTeam "Ingolstadt"]
[WhiteTeamCountry "GER"]
[BlackTeamCountry "GER"]

1. Nf3 Nf6 2. d4 e6 3. g3 b6 4. Bg2 Bb7 5. 0-0 Be7 6. c4 0-0 7. Nc3 Ne4 8. Qc2 Nxc3 9. Qxc3 f5 10. Bf4 Bf6 11. Qd2 d6 12. Rad1 Qe7 13. Rfe1 Nd7 14. Bg5 Rad8 15. d5 Ne5 16. Bxf6 Qxf6 17. Nxe5 dxe5 18. Qc3 exd5 19. Bxd5+ Bxd5 20. Rxd5 Rxd5 21. cxd5 Qd6 22. Qc4 a5 23. Rc1 Rf7 24. f3 Qb4 25. Qxb4 axb4 26. Rc4 Rd7 27. e4 g5 28. Rxb4 g4 29. Kg2 Kg7 30. Rc4 Kf7 31. Rc6 Re7 32. a4 Ke8 33. b4 Kd7 34. a5 bxa5 35. bxa5 Re8 36. a6 Rf8 37. Rh6 gxf3+ 38. Kxf3 fxe4+ 39. Kxe4 Rf1 40. Rxh7+ Kd6 41. Rh6+ Kd7 42. Kxe5 Re1+ 43. Kf4 Rd1 44. Rh8 Ra1 45. Ra8 Kd6 46. a7 Kc5 47. d6 Kc6 48. dxc7 Kxc7 49. Rh8 Ra4+ 50. Kf3 Ra3+ 51. Kg2 Ra2+ 52. Kh3 Rf2 53. a8Q Kb6 54. Rb8+ 1-0

[Event "GER-ch U10"]
[Site "Oberhof"]
[Date "2010.05.29"]
[Round "11"]
[White "Duerr, Florian"]
[Black "Litzka, Richard"]
[Result "1-0"]
[WhiteElo "1750"]
[BlackElo "1543"]
[PlyCount "63"]
[EventDate "2010.05.22"]
[EventType "swiss"]
[EventRounds "11"]
[EventCountry "GER"]
[SourceTitle "CBM 136 Extra"]
[Source "ChessBase"]
[SourceDate "2010.07.02"]
[SourceVersion "2"]
[SourceVersionDate "2010.07.15"]
[SourceQuality "1"]

1. e4 c5 2. c4 Nc6 3. Nc3 e5 4. g3 g6 5. Bg2 Bg7 6. Nge2 Nge7 7. 0-0 0-0 8. f4 d6 9. d3 f5 10. Be3 Nd4 11. fxe5 dxe5 12. Nd5 fxe4 13. Bg5 Ndc6 14. dxe4 Be6 15. Nxe7+ Nxe7 16. Qxd8 Rfxd8 17. Bxe7 Rd2 18. Nc3 Bxc4 19. Rf2 Rxf2 20. Kxf2 b6 21. b3 Be6 22. Bg5 h6 23. Be3 Rd8 24. Nd5 Bxd5 25. exd5 e4 26. Rd1 Bd4 27. Bxd4 Rxd5 28. Bxe4 Rd6 29. Bxg6 Rxg6 30. Be3 Rf6+ 31. Ke2 h5 32. Rd5 1-0

[Event "GER-ch U10"]
[Site "Oberhof"]
[Date "2010.05.26"]
[Round "7"]
[White "Litzka, Richard"]
[Black "Lagunow, Raphael"]
[Result "1/2-1/2"]
[WhiteElo "1543"]
[BlackElo "1683"]
[PlyCount "97"]
[EventDate "2010.05.22"]
[EventType "swiss"]
[EventRounds "11"]
[EventCountry "GER"]
[SourceTitle "CBM 136 Extra"]
[Source "ChessBase"]
[SourceDate "2010.07.02"]
[SourceVersion "2"]
[SourceVersionDate "2010.07.15"]
[SourceQuality "1"]

1. e4 c5 2. Nf3 a6 3. a4 Nc6 4. Nc3 Nf6 5. d4 cxd4 6. Nxd4 e5 7. Nf3 Bb4 8. Bg5 h6 9. Bxf6 Qxf6 10. Be2 0-0 11. Qd3 d6 12. 0-0 Bxc3 13. Qxc3 Bg4 14. Rad1 Rfd8 15. Rd2 Bxf3 16. Qxf3 Qxf3 17. Bxf3 Nd4 18. Rfd1 Rac8 19. c3 Nb3 20. Rxd6 Rxd6 21. Rxd6 Kf8 22. Rb6 Nc5 23. a5 Rc7 24. g3 Ke7 25. Kf1 Rc6 26. Rxc6 bxc6 27. Be2 Nb3 28. Bxa6 Nxa5 29. Ke2 Nb3 30. Bc4 Nc5 31. f3 f6 32. Kd2 Kd6 33. b4 Nb7 34. Ba6 Nd8 35. c4 c5 36. b5 Kc7 37. Ke3 Ne6 38. f4 Nd4 39. h3 g5 40. fxe5 fxe5 41. Kf2 h5 42. Ke3 h4 43. gxh4 gxh4 44. b6+ Kxb6 45. Bc8 Ka5 46. Bg4 Kb4 47. Kd3 Kb3 48. Bd7 Kb4 49. Bc8 1/2-1/2

[Event "GER-ch U10"]
[Site "Oberhof"]
[Date "2010.05.24"]
[Round "3"]
[White "Litzka, Richard"]
[Black "Kreyssig, Bruno"]
[Result "1-0"]
[WhiteElo "1543"]
[BlackElo "1319"]
[PlyCount "65"]
[EventDate "2010.05.22"]
[EventType "swiss"]
[EventRounds "11"]
[EventCountry "GER"]
[SourceTitle "CBM 136 Extra"]
[Source "ChessBase"]
[SourceDate "2010.07.02"]
[SourceVersion "2"]
[SourceVersionDate "2010.07.15"]
[SourceQuality "1"]

1. e4 c5 2. Nf3 Nc6 3. Bb5 e6 4. 0-0 Nge7 5. Nc3 a6 6. Bxc6 Nxc6 7. d4 cxd4 8. Nxd4 Be7 9. Be3 0-0 10. Kh1 b5 11. f4 Bb7 12. Qd2 Qc7 13. Nxc6 dxc6 14. Rad1 Rfd8 15. Qf2 Rxd1 16. Rxd1 Rd8 17. Rxd8+ Qxd8 18. h3 h6 19. Kh2 Kh7 20. e5 g6 21. Ne4 Qf8 22. Bc5 Bxc5 23. Qxc5 Qxc5 24. Nxc5 Bc8 25. Kg3 Kg7 26. Kf3 Kf8 27. Ke4 Ke7 28. b4 Ke8 29. Kd4 Kd8 30. Ne4 Bb7 31. Kc5 Kc7 32. Nd6 h5 33. Nxf7 1-0

[Event "GER-ch U10"]
[Site "Willingen"]
[Date "2009.06.05"]
[Round "10"]
[White "Duerr, Florian"]
[Black "Litzka, Richard"]
[Result "1-0"]
[WhiteElo "1649"]
[BlackElo "1330"]
[PlyCount "227"]
[EventDate "2009.05.30"]
[EventType "swiss"]
[EventRounds "11"]
[EventCountry "GER"]
[SourceTitle "EXT 2010"]
[Source "ChessBase"]
[SourceDate "2010.11.25"]
[SourceVersion "1"]
[SourceVersionDate "2010.11.25"]
[SourceQuality "1"]

1. e4 c5 2. Ne2 e6 3. Nbc3 a6 4. g3 b5 5. Bg2 Bb7 6. 0-0 d6 7. d3 Qd7 8. f4 b4 9. Nb1 Nf6 10. h3 Nc6 11. Be3 Be7 12. Nd2 h5 13. Nc4 Qc7 14. c3 d5 15. Nd2 a5 16. Qc2 Ba6 17. Nb3 Qa7 18. Rfd1 a4 19. Nbc1 Rc8 20. Qxa4 0-0 21. Qc2 d4 22. Bf2 dxc3 23. bxc3 bxc3 24. Qxc3 Nb8 25. Nb3 Qc7 26. Rac1 c4 27. Na5 Rfd8 28. Rd2 h4 29. g4 Bc5 30. Nxc4 Bxf2+ 31. Kxf2 Qa7+ 32. Ke1 Bxc4 33. dxc4 Rxd2 34. Qxd2 Qa4 35. e5 Ne8 36. Qc2 Qa5+ 37. Kf1 Rd8 38. Rd1 Rc8 39. Qb3 Rd8 40. Rxd8 Qxd8 41. a4 g6 42. a5 Na6 43. Qb6 Nac7 44. a6 Qd1+ 45. Kf2 Qa4 46. a7 Qxc4 47. a8Q Nxa8 48. Bxa8 Kg7 49. Qd8 Qc5+ 50. Kg2 Qb5 51. Bf3 Qa4 52. Qxh4 Qd7 53. g5 Kg8 54. Qf2 Ng7 55. Ng3 Qa4 56. Be4 Nh5 57. Qe3 Qa2+ 58. Kf3 Qh2 59. Kg4 Ng7 60. Qf3 Nf5 61. Bxf5 exf5+ 62. Kh4 Qd2 63. Qf1 Qe3 64. Ne2 Kg7 65. Ng3 Kh7 66. Nh1 Kg7 67. Qf2 Qe4 68. Ng3 Qc4 69. Nf1 Qc3 70. Ne3 Qb4 71. Kg3 Qe4 72. Qf3 Qb1 73. Ng2 Qb6 74. h4 Qe6 75. h5 Qb6 76. h6+ Kh7 77. Qc3 Qe6 78. Qa3 Qe8 79. Qd6 Kg8 80. Qf6 Qf8 81. Qg7+ Qxg7 82. hxg7 Kxg7 83. Kf3 Kf8 84. Ke3 Ke7 85. Kd4 Kd8 86. Kd5 Kd7 87. Nh4 Ke7 88. Nf3 Kd7 89. Nd4 Ke7 90. Nc6+ Kd7 91. e6+ fxe6+ 92. Ke5 Kxc6 93. Kxe6 Kc5 94. Kf6 Kd4 95. Kxg6 Ke4 96. Kf6 Kxf4 97. g6 Ke4 98. g7 f4 99. g8Q Ke3 100. Qg1+ Ke2 101. Qg2+ Ke3 102. Qf1 f3 103. Kg5 f2 104. Kg4 Kd4 105. Qxf2+ Kc4 106. Qd2 Kb3 107. Qd4 Ka2 108. Qc3 Kb1 109. Qd2 Ka1 110. Kf4 Kb1 111. Ke4 Ka1 112. Kd3 Kb1 113. Kc3 Ka1 114. Qb2# 1-0

[Event "GER-ch U10"]
[Site "Willingen"]
[Date "2009.06.05"]
[Round "9"]
[White "Litzka, Richard"]
[Black "Bauer, Bjoern Benny"]
[Result "1-0"]
[WhiteElo "1330"]
[BlackElo "1603"]
[PlyCount "37"]
[EventDate "2009.05.30"]
[EventType "swiss"]
[EventRounds "11"]
[EventCountry "GER"]
[SourceTitle "EXT 2010"]
[Source "ChessBase"]
[SourceDate "2010.11.25"]
[SourceVersion "1"]
[SourceVersionDate "2010.11.25"]
[SourceQuality "1"]

1. e4 c5 2. Nf3 Nc6 3. Bb5 e6 4. 0-0 g6 5. Re1 Bg7 6. c3 Nge7 7. Bxc6 Nxc6 8. d4 0-0 9. Be3 d5 10. exd5 exd5 11. dxc5 Be6 12. Na3 h5 13. Nc2 Na5 14. Bd4 Bh6 15. b3 g5 16. Qe2 Re8 17. Qe5 Kh7 18. h4 gxh4 19. Qxh5 1-0